| 000 | 01147cam a2200313 a 4500 | ||
|---|---|---|---|
| 001 | 16643919 | ||
| 003 | ARRUPE | ||
| 005 | 20131015110638.0 | ||
| 008 | 110209s2009 za a 000 0 eng | ||
| 010 | _a 2011343082 | ||
| 020 | _a9789982884013 | ||
| 040 |
_aDLC _cDLC |
||
| 042 |
_apcc _alcode |
||
| 043 | _af-za---- | ||
| 050 | 0 | 0 |
_aN7396.6.Z3 _bL459 2009 |
| 100 | 1 |
_aMiko, William B. _92534 |
|
| 245 | 1 | 0 |
_aLechwe Trust : _ba charitable trust for visual arts in Zambia : the art collection. |
| 260 |
_a[Lusaka] : _bLechwe Trust, _cc2009. |
||
| 300 |
_a92 p. : _bcol. ill. ; _c30 cm. |
||
| 500 | _aCover title. | ||
| 500 | _a"Document concept, data research, introduction of artists biographies and portraits, William B. Miko"--P. 3 of cover. | ||
| 610 | 2 | 0 |
_aLechwe Trust _xArt collections _vExhibitions. _92535 |
| 650 | 0 |
_aArt, Zambian _vExhibitions. _92536 |
|
| 650 | 0 |
_aArtists _zZambia _vBiography. _92537 |
|
| 710 | 2 |
_aLechwe Trust. _92538 |
|
| 906 |
_a7 _bcbc _corigode _d3 _encip _f20 _gy-gencatlg |
||
| 942 |
_2lcc _cMONOGRAPH |
||
| 999 |
_c118350 _d118350 |
||